[Event "Champ FRA - Under 8"]
[Site "Europe Echecs"]
[Date "2020.07.06"]
[Round "3"]
[Time "14:52:19"]
[PlyCount "59"]
[White "CerclierAxel"]
[Black "TchaplyguineNi"]
[WhiteElo "1440"]
[BlackElo "1090"]
[Mode "WEB"]
[Result "0-1"]

1. e4 e5 2. Nf3 Nf6 3. Nc3 Nc6 4. Bc4 Nxe4 5. Nxe4 d5 6. Bb3 dxe4 7. d3 exf3 8.
Qxf3 Be6 9. Bxe6 fxe6 10. O-O Nd4 11. Qh5+ g6 12. Qxe5 Nxc2 13. Rb1 Qd6 14. Qxh8
O-O-O 15. Qxh7 e5 16. Bg5 Re8 17. Qf7 Qe6 18. Qh7 Bd6 19. Rbc1 Nd4 20. Rc3 Ne2+
21. Kh1 Nxc3 22. Rc1 Nxa2 23. Ra1 Nb4 24. Rxa7 b6 25. Ra8+ Kb7 26. Ra1 Qb3 27.
Qd7 Qxb2 28. Rg1 Nxd3 29. Qd8 Nxf2# {CerclierAxel est échec et mat} 0-1

[Event "Champ FRA - Under 8"]
[Site "Europe Echecs"]
[Date "2020.07.06"]
[Round "3"]
[Time "14:52:19"]
[PlyCount "135"]
[White "ChevillonInes"]
[Black "YastrebovDanie"]
[WhiteElo "1060"]
[BlackElo "1390"]
[Mode "WEB"]
[Result "0-1"]

1. e4 e5 2. Nf3 Nc6 3. Bc4 Bc5 4. Nc3 Nf6 5. d3 d6 6. h3 h6 7. O-O O-O 8. Be3
Bb6 9. Nd5 Nxd5 10. exd5 Nd4 11. Nxd4 exd4 12. Bd2 Re8 13. Re1 Bf5 14. Rxe8+
Qxe8 15. Qe1 Qxe1+ 16. Rxe1 a5 17. c3 dxc3 18. Bxc3 Bc5 19. d4 Bb4 20. Bxb4 axb4
21. Re3 c5 22. dxc5 dxc5 23. Rf3 Bb1 24. a3 bxa3 25. bxa3 Rd8 26. Rb3 Be4 27.
Rxb7 Bxd5 28. Bxd5 Rxd5 29. Rb1 Rd4 30. Kf1 c4 31. Ke2 c3 32. Rc1 Rd2+ 33. Ke3
Rd6 34. Rxc3 Rg6 35. Kf3 Rg5 36. Rc2 g6 37. Ra2 Ra5 38. a4 Kf8 39. Ke4 Ke7 40.
Kd4 Kd6 41. Kc4 Kc6 42. Kb4 Kb6 43. f3 f5 44. g3 g5 45. Kc4 Re5 46. Kb4 Re3 47.
a5+ Ka6 48. Kc4 Rxf3 49. g4 fxg4 50. hxg4 Rf4+ 51. Kc5 Rxg4 52. Kd5 Rb4 53. Kc5
Rb5+ 54. Kc6 g4 55. Kd6 Rxa5 56. Rxa5+ Kxa5 57. Ke5 g3 58. Kf4 g2 59. Kf5 g1=Q
60. Kf4 Qe1 61. Kf5 Kb4 62. Kg6 Kc5 63. Kxh6 Qg3 64. Kh5 Kd5 65. Kh6 Ke6 66. Kh5
Kf5 67. Kh6 Qg6# {ChevillonInes est échec et mat} 0-1

[Event "Champ FRA - Under 8"]
[Site "Europe Echecs"]
[Date "2020.07.06"]
[Round "3"]
[Time "14:52:19"]
[PlyCount "91"]
[White "BronnyTitien"]
[Black "LequangEnzo"]
[WhiteElo "1270"]
[BlackElo "1068"]
[Mode "WEB"]
[Result "0-1"]

1. e4 e5 2. Nf3 Nc6 3. Bb5 a6 4. Bxc6 dxc6 5. Nxe5 Qd4 6. Nf3 Qxe4+ 7. Qe2 Qxe2+
8. Kxe2 Bg4 9. Re1 O-O-O 10. Kf1 Bxf3 11. gxf3 Nf6 12. Nc3 Bb4 13. d3 Nd5 14.
Bd2 Nxc3 15. Bxc3 Bxc3 16. bxc3 Rd6 17. Re7 Rf8 18. Rb1 Rh6 19. Rb4 Rxh2 20. Kg1
Rh6 21. f4 Rf6 22. a4 b6 23. a5 bxa5 24. Ra4 Rf5 25. d4 Kb7 26. Re4 Rd8 27. c4
Kb6 28. c5+ Kb5 29. Ra2 a4 30. Rb2+ Ka5 31. Ra2 Rfd5 32. c3 R5d7 33. Rb2 h5 34.
d5 Rxd5 35. Rbb4 a3 36. Ra4+ Kb5 37. Reb4+ Kxc5 38. Ra5+ Kd6 39. Rb1 Rxa5 40.
Rd1+ Ke7 41. Re1+ Kf8 42. Ra1 a2 43. Kf1 Rb8 44. Ke1 Rb1+ 45. Rxb1 axb1=Q+ {BronnyTitien a abandonné} 0-1

[Event "Champ FRA - Under 8"]
[Site "Europe Echecs"]
[Date "2020.07.06"]
[Round "3"]
[Time "14:52:19"]
[PlyCount "73"]
[White "DruonCaspar"]
[Black "RobbeHugo"]
[WhiteElo "1040"]
[BlackElo "1270"]
[Mode "WEB"]
[Result "0-1"]

1. d4 d5 2. Bf4 Bf5 3. Nf3 Nf6 4. e3 e6 5. Nc3 h6 6. Bb5+ c6 7. Ba4 Bd6 8. a3
Bxf4 9. exf4 O-O 10. Nh4 Bg4 11. f3 Bf5 12. g4 Bh7 13. g5 hxg5 14. fxg5 Nh5 15.
f4 Nxf4 16. Qg4 Ng6 17. Rg1 Nxh4 18. Qxh4 b5 19. Rg3 bxa4 20. Rh3 f6 21. Qxh7+
Kf7 22. gxf6 Qxf6 23. Ke2 Ke7 24. Rg3 Qf2+ 25. Kd3 Rf3+ 26. Rxf3 Qxf3+ 27. Kd2
Qf4+ 28. Kd3 Qf3+ 29. Kd2 Qg2+ 30. Ne2 Qg5+ 31. Kd1 Nd7 32. c3 Nf6 33. Qh3 Ne4
34. Ke1 Rf8 35. Kd1 Rf1+ 36. Qxf1 Qd2# {DruonCaspar est échec et mat} 0-1

[Event "Champ FRA - Under 8"]
[Site "Europe Echecs"]
[Date "2020.07.06"]
[Round "3"]
[Time "14:52:19"]
[PlyCount "99"]
[White "CotterchioDant"]
[Black "LeblancCondeEv"]
[WhiteElo "1260"]
[BlackElo "1067"]
[Mode "WEB"]
[Result "0-1"]

1. e4 e6 2. d4 d5 3. Nc3 Nf6 4. Bd3 c5 5. Be3 Qb6 6. Nf3 Qxb2 7. Bd2 cxd4 8.
Nxd4 Qb6 9. Be3 Bc5 10. Na4 Qb4+ 11. c3 Qa5 12. Nxc5 Qxc5 13. Qa4+ Bd7 14. Bb5
Qxc3+ 15. Bd2 Qxa1+ 16. Qd1 Qxd1+ 17. Kxd1 Nxe4 18. Bxd7+ Nxd7 19. f3 Nf2+ 20.
Ke1 Nxh1 21. Be3 Rc8 22. Kf1 Rc3 23. Bd2 Rd3 24. Nb3 a5 25. Bxa5 O-O 26. h3 Ng3+
27. Kf2 Nf5 28. Nc1 Ra3 29. Bb4 Ra4 30. Bxf8 Kxf8 31. g4 Nd4 32. Ke3 Nc2+ 33.
Kd2 Nb4 34. Kc3 Nxa2+ 35. Kb2 Nxc1 36. Kxc1 Ra3 37. Kb2 Rxf3 38. Kc2 Rxh3 39.
Kd2 Rg3 40. Ke2 Rxg4 41. Kf3 f5 42. Ke3 Ne5 43. Ke2 h5 44. Ke3 Re4+ 45. Kf2 h4
46. Kg2 Re3 47. Kh2 h3 48. Kh1 Ng4 49. Kg1 Re1# {CotterchioDant est échec et mat} 0-1

[Event "Champ FRA - Under 8"]
[Site "Europe Echecs"]
[Date "2020.07.06"]
[Round "3"]
[Time "14:52:19"]
[PlyCount "29"]
[White "DuboisSelene"]
[Black "PerrinStephane"]
[WhiteElo "1037"]
[BlackElo "1260"]
[Mode "WEB"]
[Result "0-1"]

1. e4 e5 2. Bc4 Nf6 3. Nc3 Bc5 4. Nf3 Nc6 5. O-O O-O 6. d3 d6 7. Bd2 Bg4 8. h3
Bh5 9. Bg5 h6 10. Bh4 Nd4 11. Bxf6 Qxf6 12. Nd5 Nxf3+ 13. Kh1 Qh4 14. g3 Qxh3# {DuboisSelene est échec et mat} 0-1

[Event "Champ FRA - Under 8"]
[Site "Europe Echecs"]
[Date "2020.07.06"]
[Round "3"]
[Time "14:52:19"]
[PlyCount "48"]
[White "ToNamLong"]
[Black "DoucetPaulLoup"]
[WhiteElo "1260"]
[BlackElo "1060"]
[Mode "WEB"]
[Result "1-0"]

1. e4 d5 2. exd5 Nf6 3. Nc3 Nxd5 4. Nf3 Nc6 5. d4 e5 6. dxe5 Nxc3 7. Qxd8+ Nxd8
8. bxc3 Ne6 9. Bc4 Bc5 10. O-O O-O 11. Be3 Bxe3 12. fxe3 Rd8 13. Nd4 Nxd4 14.
exd4 Be6 15. Bxe6 fxe6 16. Rf2 Rd5 17. Raf1 Rdd8 18. h3 Rd5 19. Rf7 Rdd8 20.
Rxc7 b5 21. Rff7 Rf8 22. Rxg7+ Kh8 23. Rxh7+ Kg8 24. Rcg7# {DoucetPaulLoup est échec et mat} 1-0

[Event "Champ FRA - Under 8"]
[Site "Europe Echecs"]
[Date "2020.07.06"]
[Round "3"]
[Time "14:52:19"]
[PlyCount "75"]
[White "GrallKynan"]
[Black "ButotQuentin"]
[WhiteElo "1020"]
[BlackElo "1250"]
[Mode "WEB"]
[Result "0-1"]

1. e4 e5 2. Bc4 Nc6 3. Qf3 Nf6 4. d3 Be7 5. Bg5 O-O 6. Bxf6 Bxf6 7. d4 Nxd4 8.
Qh5 g6 9. Qe2 Nxe2 10. Nxe2 Qe7 11. h4 Qb4+ 12. Nd2 Qxb2 13. Rd1 Qxc2 14. Rc1
Qa4 15. Bb3 Qa5 16. Rxc7 b6 17. Rxc8 Raxc8 18. Nc3 Qxc3 19. Rh3 Qc2 20. Rc3 Qc1+
21. Rxc1 Rxc1+ 22. Ke2 g5 23. g3 Rg1 24. f4 gxf4 25. gxf4 exf4 26. Nc4 Bxh4 27.
Ne5 Re1+ 28. Kf3 Re3+ 29. Kxf4 Rc3 30. Bxf7+ Rxf7+ 31. Nxf7 Kxf7 32. Kf5 Rf3+
33. Ke5 Bf6+ 34. Kd5 Rd3+ 35. Kc4 Rd4+ 36. Kc3 Rxe4+ 37. Kd3 Ra4 {GrallKynan a perdu au temps} 0-1

[Event "Champ FRA - Under 8"]
[Site "Europe Echecs"]
[Date "2020.07.06"]
[Round "3"]
[Time "14:52:19"]
[PlyCount "39"]
[White "RichardAlexis"]
[Black "PerrinJulian"]
[WhiteElo "1250"]
[BlackElo "1050"]
[Mode "WEB"]
[Result "0-1"]

1. e4 e5 2. Bc4 Nf6 3. b3 Bc5 4. Bb2 O-O 5. Nf3 Nc6 6. O-O d6 7. Nc3 Bg4 8. h3
Bh5 9. d3 Nd4 10. Nxd4 Bxd1 11. Rfxd1 Bxd4 12. Re1 a6 13. Bd5 Nxd5 14. exd5 c6
15. dxc6 bxc6 16. Rab1 Qa5 17. Nd1 Qxe1+ 18. Kh2 Bxb2 19. Rxb2 Qxd1 {RichardAlexis a abandonné} 0-1

[Event "Champ FRA - Under 8"]
[Site "Europe Echecs"]
[Date "2020.07.06"]
[Round "3"]
[Time "14:52:19"]
[PlyCount "38"]
[White "MoreauBaptiste"]
[Black "MauryTom"]
[WhiteElo "1020"]
[BlackElo "1240"]
[Mode "WEB"]
[Result "1-0"]

1. e4 e6 2. d4 d5 3. exd5 exd5 4. Nf3 Nc6 5. Bd3 Nf6 6. h3 Bd6 7. O-O O-O 8. Bg5
h6 9. Bh4 Be6 10. Nc3 b6 11. Bb5 Qd7 12. Bxf6 gxf6 13. Qd3 a6 14. Ba4 b5 15. Bb3
b4 16. Ne2 a5 17. c3 a4 18. Bc2 bxc3 19. Qh7# {MauryTom est échec et mat} 1-0

[Event "Champ FRA - Under 8"]
[Site "Europe Echecs"]
[Date "2020.07.06"]
[Round "3"]
[Time "14:52:19"]
[PlyCount "124"]
[White "MelkumyanDavid"]
[Black "SakiOmar"]
[WhiteElo "1240"]
[BlackElo "1044"]
[Mode "WEB"]
[Result "1-0"]

1. e4 e5 2. Nf3 Nc6 3. Bc4 Bc5 4. d3 Nf6 5. Bg5 d6 6. Nc3 Bg4 7. h3 Be6 8. Nd5
Bxd5 9. Bxd5 Nb4 10. Bxb7 Rb8 11. Bd5 c6 12. Bb3 O-O 13. O-O h6 14. Bh4 d5 15.
exd5 cxd5 16. c3 Nc6 17. c4 dxc4 18. Bxc4 Qd6 19. Rb1 Ne7 20. Re1 Bb4 21. Rxe5
Rbd8 22. Bxf6 Qxf6 23. Rb5 Bd6 24. a3 Qf4 25. Rb4 Bxb4 26. axb4 Nc6 27. b5 Nb4
28. Qd2 Qxd2 29. Nxd2 Nxd3 30. Nb3 Nb4 31. Nc5 Rc8 32. Nd7 Rfd8 33. Ne5 Re8 34.
Bxf7+ Kf8 35. Bxe8 Rxe8 36. Nc6 Nxc6 37. bxc6 Rc8 38. Rc1 Ke7 39. b4 Kd6 40. b5
Kc7 41. Rd1 Kb6 42. Rd7 Kxb5 43. Rxg7 Rxc6 44. Rxa7 Rc1+ 45. Kh2 Rc5 46. Rb7+
Kc6 47. Rh7 h5 48. Rh6+ Kd5 49. Rxh5+ Ke6 50. Rxc5 Kd6 51. Rc1 Kd7 52. Re1 Kd6
53. h4 Kd5 54. h5 Kd4 55. h6 Kd3 56. h7 Kd2 57. Re8 Kd3 58. h8=Q Kc4 59. Qe5 Kb4
60. Rc8 Ka3 61. Qb5 Ka2 62. Ra8# {SakiOmar est échec et mat} 1-0

[Event "Champ FRA - Under 8"]
[Site "Europe Echecs"]
[Date "2020.07.06"]
[Round "3"]
[Time "14:52:19"]
[PlyCount "46"]
[White "LamorelleAlexe"]
[Black "GrederPaul"]
[WhiteElo "1009"]
[BlackElo "1220"]
[Mode "WEB"]
[Result "1-0"]

1. e4 e5 2. Nf3 Nf6 3. Nc3 Nc6 4. Bb5 Bb4 5. d3 d6 6. Bg5 Bg4 7. a3 h6 8. Bxf6
gxf6 9. axb4 Bxf3 10. Qxf3 a6 11. Bxc6+ bxc6 12. Rd1 Rb8 13. d4 Rb7 14. dxe5
dxe5 15. Rxd8+ Kxd8 16. Qxf6+ Kc8 17. Qxh8+ Kd7 18. Qxe5 Rb5 19. Nxb5 cxb5 20.
O-O c6 21. Rd1+ Kc8 22. Qe7 Kb8 23. Rd8# {GrederPaul est échec et mat} 1-0

[Event "Champ FRA - Under 8"]
[Site "Europe Echecs"]
[Date "2020.07.06"]
[Round "3"]
[Time "14:52:19"]
[PlyCount "72"]
[White "KermarrecHugo"]
[Black "BuchlinAdrien"]
[WhiteElo "950"]
[BlackElo "1190"]
[Mode "WEB"]
[Result "1-0"]

1. e4 c5 2. Qf3 Nf6 3. Bd3 Nc6 4. Bc4 g6 5. h3 a6 6. g4 e6 7. g5 Nh5 8. c3 b5 9.
Bd3 d5 10. exd5 Qxd5 11. Be4 Qd6 12. Bxc6+ Ke7 13. Bxa8 Bg7 14. Ne2 Bd7 15. Ng3
Nxg3 16. fxg3 Be5 17. Rf1 Bxg3+ 18. Kd1 Rf8 19. a3 Qe5 20. b4 cxb4 21. axb4 Bf4
22. Rxa6 Bxg5 23. d3 Bxc1 24. Kxc1 Bc8 25. Rc6 Bd7 26. Ra6 Bc8 27. Bb7 Bxb7 28.
Qxb7+ Ke8 29. Ra7 Qe2 30. Rxf7 Qe1+ 31. Kc2 Qe2+ 32. Kc1 Qe1+ 33. Kc2 Qe2+ 34.
Nd2 Rxf7 35. Qxf7+ Kd8 36. Ra8# {BuchlinAdrien est échec et mat} 1-0

[Event "Champ FRA - Under 8"]
[Site "Europe Echecs"]
[Date "2020.07.06"]
[Round "3"]
[Time "14:52:19"]
[PlyCount "22"]
[White "CharrierMojane"]
[Black "PopThomas"]
[WhiteElo "1190"]
[BlackElo "1030"]
[Mode "WEB"]
[Result "1-0"]

1. d4 d5 2. Nf3 Nc6 3. Bf4 Bf5 4. c3 Nf6 5. e3 e6 6. Bd3 Bd6 7. Qc2 Bxd3 8. Qxd3
Bxf4 9. exf4 O-O 10. Ng5 Ng4 11. Qxh7# {PopThomas est échec et mat} 1-0

[Event "Champ FRA - Under 8"]
[Site "Europe Echecs"]
[Date "2020.07.06"]
[Round "3"]
[Time "14:52:19"]
[PlyCount "110"]
[White "ChenLucie"]
[Black "CoutonTheo"]
[WhiteElo "900"]
[BlackElo "1190"]
[Mode "WEB"]
[Result "1-0"]

1. e4 e5 2. Nf3 Nc6 3. Bc4 Bc5 4. O-O Nf6 5. Nc3 O-O 6. d3 Bd4 7. Ne2 h6 8. h3
d6 9. c3 Bc5 10. d4 exd4 11. cxd4 Bb4 12. a3 Nh5 13. axb4 Ng3 14. Nxg3 Nxb4 15.
Bd2 Nd3 16. Bxd3 Bxh3 17. gxh3 Qc8 18. Kg2 c6 19. d5 cxd5 20. exd5 Qc5 21. Be1
Qxd5 22. Qe2 Rae8 23. Qd2 Re7 24. Qd1 Rfe8 25. Bb4 Re3 26. Be2 Rxe2 27. Qxd5
R2e3 28. Bxd6 Rd8 29. Qc5 Rd3 30. Rad1 b6 31. Qb4 a5 32. Qxb6 R8xd6 33. Qxa5
Rxd1 34. Rxd1 Rxd1 35. Qa4 g6 36. Qxd1 f5 37. Nh4 f4 38. Ne4 g5 39. Nf5 f3+ 40.
Kxf3 h5 41. Ke2 g4 42. hxg4 hxg4 43. b4 g3 44. fxg3 Kf8 45. b5 Kg8 46. b6 Kf8
47. b7 Kf7 48. b8=Q Kg6 49. Ne7+ Kf7 50. Nd5 Ke6 51. Nf4+ Ke7 52. Qb6 Ke8 53.
Qa4+ Ke7 54. Qaa7+ Ke8 55. Qbb8# {CoutonTheo est échec et mat} 1-0

[Event "Champ FRA - Under 8"]
[Site "Europe Echecs"]
[Date "2020.07.06"]
[Round "3"]
[Time "14:52:19"]
[PlyCount "50"]
[White "MoreauKenan"]
[Black "CassagneresCha"]
[WhiteElo "820"]
[BlackElo "1180"]
[Mode "WEB"]
[Result "1-0"]

1. e4 e5 2. Nf3 Nc6 3. Bc4 Bc5 4. c3 Nf6 5. d4 exd4 6. e5 Ne4 7. cxd4 Nxd4 8.
Nxd4 Bxd4 9. Qxd4 Ng5 10. Qf4 Ne6 11. Qf3 O-O 12. O-O c6 13. Nc3 a6 14. Rd1 b5
15. Bd3 b4 16. Nd5 cxd5 17. Qxd5 Rb8 18. Qf3 h6 19. Qg3 g6 20. Bxh6 Re8 21. Bxg6
Qf6 22. Bf5+ Kh8 23. exf6 Rg8 24. Qh4 Rb5 25. Bg5# {CassagneresCha est échec et mat} 1-0

[Event "Champ FRA - Under 8"]
[Site "Europe Echecs"]
[Date "2020.07.06"]
[Round "3"]
[Time "14:52:19"]
[PlyCount "51"]
[White "GadoisMelina"]
[Black "ManvieuPaul"]
[WhiteElo "1150"]
[BlackElo "1018"]
[Mode "WEB"]
[Result "0-1"]

1. e4 e6 2. d4 d5 3. e5 c5 4. dxc5 Bxc5 5. Bb5+ Bd7 6. Bxd7+ Nxd7 7. Nf3 Qb6 8.
Qe2 Ne7 9. O-O Ng6 10. Nc3 O-O 11. Bg5 Qc7 12. Rfe1 Rfe8 13. Rad1 Rf8 14. Nb5
Qb6 15. Nd6 Bxd6 16. exd6 Qxd6 17. Rd4 f6 18. Bd2 e5 19. Ra4 Rfc8 20. Bb4 Qe6
21. b3 Nf4 22. Qe3 Rxc2 23. Qe4 dxe4 24. Nd2 Qg4 25. Nb1 Qxg2# {GadoisMelina est échec et mat} 0-1

[Event "Champ FRA - Under 8"]
[Site "Europe Echecs"]
[Date "2020.07.06"]
[Round "3"]
[Time "14:52:19"]
[PlyCount "66"]
[White "CorralNehamaLe"]
[Black "Cadilhacseffin"]
[WhiteElo "799"]
[BlackElo "1130"]
[Mode "WEB"]
[Result "1-0"]

1. e4 e5 2. Nf3 Nc6 3. Nc3 Nf6 4. Bc4 Bb4 5. O-O Ng4 6. h3 Nh6 7. d3 O-O 8. Bxh6
gxh6 9. Qd2 Qf6 10. a3 Bc5 11. Nd5 Qg6 12. Nxc7 Rb8 13. Nd5 d6 14. b4 Bd4 15. b5
Bxa1 16. bxc6 bxc6 17. Ne7+ Kg7 18. Nxg6 fxg6 19. Rxa1 h5 20. Ng5 h6 21. Ne6+
Bxe6 22. Bxe6 Rf6 23. Bb3 Rbf8 24. f3 g5 25. Qa5 Rg6 26. Qxa7+ Kh8 27. Bf7 Rf6
28. Bxh5 d5 29. exd5 cxd5 30. Qe7 d4 31. Qxe5 Kg8 32. Qxd4 Kg7 33. a4 {Cadilhacseffin a perdu au temps} 1-0

[Event "Champ FRA - Under 8"]
[Site "Europe Echecs"]
[Date "2020.07.06"]
[Round "3"]
[Time "14:52:19"]
[PlyCount "94"]
[White "BousmatAdam"]
[Black "AlsaiedNizar"]
[WhiteElo "799"]
[BlackElo "1120"]
[Mode "WEB"]
[Result "1-0"]

1. d4 d5 2. Nc3 Nf6 3. Bg5 Nh5 4. e3 g6 5. Bb5+ c6 6. Bd3 Bg7 7. Nf3 O-O 8. O-O
Bf6 9. Bh6 Bg7 10. Bf4 Nxf4 11. exf4 Bg4 12. h3 Bxf3 13. Qxf3 Na6 14. Bxa6 bxa6
15. Na4 Qa5 16. b3 Bxd4 17. Rad1 Qb4 18. c3 Qb6 19. Nxb6 axb6 20. Rxd4 c5 21.
Rxd5 e6 22. Rd6 Rad8 23. Rxd8 Rxd8 24. Qc6 a5 25. Qc7 Rd3 26. Qc8+ Kg7 27. Qa6
Rxc3 28. Qxb6 f5 29. Qxa5 Rc2 30. b4 cxb4 31. Qa4 Rc4 32. Qb3 Rxf4 33. Qb2+ Kg8
34. Qc2 Rd4 35. Qc8+ Kg7 36. Qc7+ Kf6 37. Qg3 Rd2 38. h4 Rxa2 39. Qg5+ Kf7 40.
Qh6 Kf6 41. f4 e5 42. Qg5+ Ke6 43. Re1 Rc2 44. Rxe5+ Kd6 45. Qf6+ Kd7 46. Re7+
Kd8 47. Qf8# {AlsaiedNizar est échec et mat} 1-0

[Event "Champ FRA - Under 8"]
[Site "Europe Echecs"]
[Date "2020.07.06"]
[Round "3"]
[Time "14:52:19"]
[PlyCount "28"]
[White "BalesterDimitr"]
[Black "AboulasseGhita"]
[WhiteElo "1120"]
[BlackElo "1008"]
[Mode "WEB"]
[Result "1-0"]

1. e4 c6 2. d4 Nf6 3. Nf3 g6 4. Nc3 Bg7 5. e5 Nd5 6. Nxd5 cxd5 7. Bg5 O-O 8. Bb5
d6 9. O-O Bg4 10. exd6 Qxd6 11. h3 h6 12. hxg4 Qb6 13. Be3 Qxb5 14. b3 {AboulasseGhita a perdu au temps} 1-0

[Event "Champ FRA - Under 8"]
[Site "Europe Echecs"]
[Date "2020.07.06"]
[Round "3"]
[Time "14:52:19"]
[PlyCount "114"]
[White "KennelArsene"]
[Black "YuEtan"]
[WhiteElo "1110"]
[BlackElo "960"]
[Mode "WEB"]
[Result "1-0"]

1. e4 c5 2. Nc3 Nc6 3. Nf3 e5 4. Bc4 Be7 5. d3 Nf6 6. Be3 d6 7. h3 h6 8. O-O O-O
9. Nd5 Nxd5 10. Bxd5 Bd7 11. c3 Rb8 12. d4 exd4 13. cxd4 cxd4 14. Nxd4 Nxd4 15.
Bxd4 Bf6 16. Re1 Bxd4 17. Qxd4 a6 18. e5 dxe5 19. Rxe5 Qf6 20. Rd1 Qg6 21. Be4
f5 22. Qd5+ Rf7 23. Bf3 Bc6 24. Qd3 Bxf3 25. Qxf3 b5 26. Rdd5 Rbf8 27. Qd3 Qc6
28. Kh2 Qc8 29. Rd6 Qc7 30. Red5 Rd8 31. g3 Rxd6 32. Rxd6 f4 33. Rd8+ Rf8 34.
Qd5+ Kh7 35. Rxf8 fxg3+ 36. fxg3 Qc2+ 37. Qg2 Qc7 38. Qe4+ g6 39. Qf3 Qe5 40.
Rf7+ Kg8 41. Rf8+ Kh7 42. Qf7+ Qg7 43. Qxg7+ Kxg7 44. Ra8 Kf6 45. Rxa6+ Kf5 46.
Ra5 Ke4 47. Rxb5 Kf3 48. a4 g5 49. a5 g4 50. a6 gxh3 51. Kxh3 Ke4 52. a7 Ke3 53.
a8=Q Kf2 54. Qf8+ Ke1 55. Rd5 Ke2 56. Qe7+ Kf3 57. Rf5# {YuEtan est échec et mat} 1-0

[Event "Champ FRA - Under 8"]
[Site "Europe Echecs"]
[Date "2020.07.06"]
[Round "3"]
[Time "14:52:19"]
[PlyCount "44"]
[White "RodriguezAntoi"]
[Black "Schoenenberger"]
[WhiteElo "1110"]
[BlackElo "950"]
[Mode "WEB"]
[Result "1-0"]

1. e4 e5 2. Nf3 Nc6 3. d4 exd4 4. Nxd4 Bb4+ 5. Bd2 Bxd2+ 6. Qxd2 Qh4 7. Nc3 Nb4
8. Ncb5 Qxe4+ 9. Be2 Qxg2 10. Rf1 Qxh2 11. Nxc7+ Qxc7 12. Qxb4 a5 13. Qc4 Qf4
14. Nb5 Qe5 15. Nc7+ Kd8 16. Nxa8 b6 17. Nxb6 Bb7 18. O-O-O Nf6 19. Qxf7 Bd5 20.
Nxd5 Nxd5 21. Rxd5 Qxe2 22. Qxd7# {Schoenenberger est échec et mat} 1-0

[Event "Champ FRA - Under 8"]
[Site "Europe Echecs"]
[Date "2020.07.06"]
[Round "3"]
[Time "14:52:19"]
[PlyCount "93"]
[White "FeretGabriel"]
[Black "GurevichMichel"]
[WhiteElo "799"]
[BlackElo "1107"]
[Mode "WEB"]
[Result "0-1"]

1. e4 e5 2. Nf3 Nf6 3. Bc4 Bc5 4. Nc3 O-O 5. O-O c6 6. Nxe5 Qe7 7. Nf3 Nxe4 8.
Nxe4 Qxe4 9. Re1 Qxc4 10. Qe2 Qe6 11. Qd1 Qg6 12. d4 Bb6 13. Qe2 Qe6 14. Ng5
Qxe2 15. Rxe2 Bxd4 16. Nf3 Bb6 17. Bd2 d5 18. Rae1 Bd7 19. Ne5 f6 20. Nxd7 Nxd7
21. Re7 Ne5 22. Rxb7 Rab8 23. Re7 Bc5 24. Rc7 Rxb2 25. Rc1 Bb6 26. Re7 Ng6 27.
Ree1 Rxa2 28. Bb4 Rd8 29. c3 Bxf2+ 30. Kf1 Bxe1 31. Kxe1 Rxg2 32. Ra1 Rg1+ 33.
Kf2 Rxa1 34. Bc5 Rc1 35. Bxa7 Rxc3 36. Bd4 Rc2+ 37. Ke3 c5 38. Ba1 d4+ 39. Kd3
Rxh2 40. Bb2 Rxb2 41. Kc4 d3 42. Kc3 Rc2+ 43. Kb3 c4+ 44. Kb4 Rb8+ 45. Ka3 d2
46. Ka4 Ra2# {FeretGabriel est échec et mat} 0-1

[Event "Champ FRA - Under 8"]
[Site "Europe Echecs"]
[Date "2020.07.06"]
[Round "3"]
[Time "14:52:19"]
[PlyCount "74"]
[White "LeBlevecYelise"]
[Black "TellierArthur"]
[WhiteElo "1107"]
[BlackElo "800"]
[Mode "WEB"]
[Result "1-0"]

1. e4 e5 2. Nf3 Nc6 3. Bb5 Bb4 4. c3 Bc5 5. d4 exd4 6. Nxd4 Bxd4 7. cxd4 Nxd4 8.
Qxd4 Nf6 9. Bg5 O-O 10. O-O c6 11. Bd3 d6 12. Nc3 c5 13. Qe3 Ng4 14. Bxd8 Nxe3
15. Be7 Re8 16. Bxd6 Nxf1 17. Rxf1 Bg4 18. Bxc5 Re5 19. Bd4 Rf5 20. exf5 Bh5 21.
Re1 Rd8 22. Bxa7 Kf8 23. Bc5+ Kg8 24. f3 h6 25. Bc2 Rc8 26. Bd4 Rd8 27. Be3 Ra8
28. g4 Bg6 29. fxg6 fxg6 30. Bxg6 Rf8 31. Bc5 Rd8 32. Be7 Re8 33. Bxe8 Kh7 34.
Re6 b6 35. Bd8 b5 36. Bg6+ Kh8 37. Re8# {TellierArthur est échec et mat} 1-0

[Event "Champ FRA - Under 8"]
[Site "Europe Echecs"]
[Date "2020.07.06"]
[Round "3"]
[Time "14:52:19"]
[PlyCount "96"]
[White "LeoniMathis"]
[Black "DoucetJeanGabr"]
[WhiteElo "799"]
[BlackElo "1100"]
[Mode "WEB"]
[Result "1-0"]

1. e4 e5 2. Nf3 Nc6 3. Bc4 Nf6 4. Nc3 Bc5 5. O-O d6 6. d3 Bg4 7. h3 Be6 8. Bb3
Qd7 9. Bxe6 fxe6 10. a3 O-O-O 11. b4 Bb6 12. Be3 a5 13. b5 Na7 14. a4 Rhe8 15.
Ng5 h6 16. Nf3 g5 17. Qe1 Re7 18. Rb1 c6 19. Bxb6 c5 20. Bxa7 Rde8 21. Bb6 Kb8
22. Bxa5 b6 23. Bxb6 Kb7 24. a5 Qc8 25. a6+ Kb8 26. a7+ Ka8 27. Ra1 Kb7 28. Ba5
Kxa7 29. Bd8+ Kb7 30. Bxe7 Rxe7 31. Na4 Ka7 32. b6+ Ka8 33. Rb1 Qa6 34. Nc3 Qa3
35. Qd2 Qa5 36. Ra1 Qa6 37. Rxa6+ Kb7 38. Ra7+ Kxb6 39. Rxe7 Ng8 40. Rxe6 Kc6
41. Rg6 Ne7 42. Rxh6 Ng8 43. Qxg5 Kd7 44. Qxg8 Kc6 45. Qd8 c4 46. Rxd6+ Kb7 47.
Qe7+ Kc8 48. Rd8# {DoucetJeanGabr est échec et mat} 1-0

[Event "Champ FRA - Under 8"]
[Site "Europe Echecs"]
[Date "2020.07.06"]
[Round "3"]
[Time "14:52:19"]
[PlyCount "31"]
[White "SaintjoresMeli"]
[Black "LefolMarius"]
[WhiteElo "1100"]
[BlackElo "799"]
[Mode "WEB"]
[Result "0-1"]

1. e4 e6 2. Nf3 d5 3. d3 dxe4 4. Ne5 exd3 5. Nxd3 Nf6 6. Nc3 Be7 7. Be2 O-O 8.
O-O c5 9. Be3 Nbd7 10. a3 b6 11. b4 Bb7 12. Na4 Qc8 13. Qd2 Rb8 14. Qc3 Qc6 15.
bxc5 Qxg2# {SaintjoresMeli est échec et mat} 0-1

[Event "Champ FRA - Under 8"]
[Site "Europe Echecs"]
[Date "2020.07.06"]
[Round "3"]
[Time "14:52:19"]
[PlyCount "31"]
[White "MauricDalmauCa"]
[Black "BriquetTom"]
[WhiteElo "799"]
[BlackElo "1099"]
[Mode "WEB"]
[Result "0-1"]

1. e4 e5 2. Nc3 Nf6 3. Nf3 Nc6 4. Bc4 Bc5 5. O-O O-O 6. d4 Nxd4 7. Bg5 h6 8. Be3
Nxf3+ 9. gxf3 Bb6 10. Na4 d6 11. f4 Nxe4 12. fxe5 Bxe3 13. fxe3 Bh3 14. Rf3 Qg5+
15. Kh1 Qg2# {MauricDalmauCa est échec et mat} 0-1

[Event "Champ FRA - Under 8"]
[Site "Europe Echecs"]
[Date "2020.07.06"]
[Round "3"]
[Time "14:52:19"]
[PlyCount "29"]
[White "SailhanDinhAle"]
[Black "RogerAolis"]
[WhiteElo "799"]
[BlackElo "1098"]
[Mode "WEB"]
[Result "0-1"]

1. e4 d5 2. exd5 Nf6 3. Bc4 Nxd5 4. Bxd5 Qxd5 5. Nc3 Qxg2 6. Qf3 Qxf3 7. Nxf3
Bf5 8. d3 Bg4 9. Nd5 Bxf3 10. Nxc7+ Kd7 11. Nxa8 Bxh1 12. Bf4 Na6 13. Rd1 b6 14.
Rd2 Bxa8 {SailhanDinhAle a abandonné} 0-1

[Event "Champ FRA - Under 8"]
[Site "Europe Echecs"]
[Date "2020.07.06"]
[Round "3"]
[Time "14:52:19"]
[PlyCount "60"]
[White "RosuMatei"]
[Black "NicolettiLouis"]
[WhiteElo "1091"]
[BlackElo "799"]
[Mode "WEB"]
[Result "1-0"]

1. e4 e5 2. Nf3 Nc6 3. Nc3 Bd6 4. Bc4 h6 5. d3 Be7 6. d4 exd4 7. Nxd4 Nxd4 8.
Qxd4 Bf6 9. Qd5 Qe7 10. Nb5 Kd8 11. O-O c6 12. Qd6 cxb5 13. Qxe7+ Bxe7 14. Bxb5
a6 15. Ba4 Nf6 16. Bf4 Nxe4 17. Rfe1 Nc5 18. Bb3 Nxb3 19. cxb3 Bb4 20. Re2 Re8
21. Bc7+ Kxc7 22. Rxe8 b6 23. Rc1+ Kb7 24. a3 Bd2 25. Rc2 Bg5 26. Re4 Kb8 27.
Rec4 Kb7 28. Rc7+ Kb8 29. Rxc8+ Kb7 30. R2c7# {NicolettiLouis est échec et mat} 1-0

[Event "Champ FRA - Under 8"]
[Site "Europe Echecs"]
[Date "2020.07.06"]
[Round "3"]
[Time "14:52:19"]
[PlyCount "55"]
[White "MougenotSacha"]
[Black "GhesquiereLoui"]
[WhiteElo "799"]
[BlackElo "1160"]
[Mode "WEB"]
[Result "0-1"]

1. e4 e5 2. Nf3 Nc6 3. Nc3 Nf6 4. d4 exd4 5. Nxd4 Nxd4 6. Qxd4 Be7 7. Bb5 O-O 8.
Qe5 Re8 9. Qg5 c6 10. Bc4 d5 11. exd5 cxd5 12. Bb5 Bd7 13. Bd3 Bc5+ 14. Be3 h6
15. Qg3 Bxe3 16. fxe3 d4 17. O-O dxc3 18. bxc3 Nd5 19. Bc4 Nxe3 20. Qh3 Bxh3 21.
Rf3 Bg4 22. Bxf7+ Kf8 23. Bh5+ Bf5 24. Bxe8 Qxe8 25. Re1 Kg8 26. Rxf5 Qg6 27.
Re5 Qxg2# {MougenotSacha est échec et mat} 0-1